书目信息 |
| 题名: |
高速公路经营企业内部控制评价指引
|
|
| 作者: | 苗满胜 , 智建成 编著 | |
| 分册: | ||
| 出版信息: | 北京 人民交通出版社股份有限公司 2018.08 |
|
| 页数: | 171页 | |
| 开本: | 29cm | |
| 丛书名: | ||
| 单 册: | ||
| 中图分类: | F542.6-65 | |
| 科图分类: | ||
| 主题词: | 高速公路--gao su gong lu--公路运输企业--企业内部管理--规范--中国 | |
| 电子资源: | ||
| ISBN: | 978-7-114-14774-6 | |
| 000 | 01008nam0 2200241 450 | |
| 001 | 202019138120 | |
| 005 | 20191026133322.0 | |
| 010 | @a978-7-114-14774-6@dCNY48.00 | |
| 100 | @a20191025d2018 em y0chiy50 ea | |
| 101 | 0 | @achi |
| 102 | @aCN@b110000 | |
| 105 | @ak z 000yy | |
| 106 | @ar | |
| 200 | 1 | @a高速公路经营企业内部控制评价指引@Agao su gong lu jing ying qi ye nei bu kong zhi ping jia zhi yin@f苗满胜, 智建成编著 |
| 210 | @a北京@c人民交通出版社股份有限公司@d2018.08 | |
| 215 | @a171页@d29cm | |
| 330 | @a该书为《高速公路经营企业内部控制规范》配套用书, 内容涵盖企业及其所属单位的各种业务和事项, 对于防范经营风险, 持续修订完善内部控制体系, 准确解释经营管理的风险状况, 如实反映内部控制设计和运行的有效性, 具有现实的指导意义。 | |
| 606 | 0 | @a高速公路@Agao su gong lu@x公路运输企业@x企业内部管理@x规范@y中国 |
| 690 | @aF542.6-65@v5 | |
| 701 | 0 | @a苗满胜@Amiao man sheng@4编著 |
| 701 | 0 | @a智建成@Azhi jian cheng@4编著 |
| 801 | 0 | @aCN@c20190905 |
| 905 | @a河南城建学院图书馆@dF542.6-65@eM728 | |
| 高速公路经营企业内部控制评价指引/苗满胜, 智建成编著.-北京:人民交通出版社股份有限公司,2018.08 |
| 171页;29cm |
| ISBN 978-7-114-14774-6:CNY48.00 |
| 该书为《高速公路经营企业内部控制规范》配套用书, 内容涵盖企业及其所属单位的各种业务和事项, 对于防范经营风险, 持续修订完善内部控制体系, 准确解释经营管理的风险状况, 如实反映内部控制设计和运行的有效性, 具有现实的指导意义。 |
| ● |
| 相关链接 |
|
|
|
正题名:高速公路经营企业内部控制评价指引
索取号:F542.6-65/M728
 
预约/预借
| 序号 | 登录号 | 条形码 | 馆藏地/架位号 | 状态 | 备注 |
| 1 | 1456188 | 214561883 | 社科库409/409社科库 38排2列2层/ [索取号:F542.6-65/M728] | 在馆 | |
| 2 | 1456189 | 214561892 | 社科库409/409社科库 38排2列2层/ [索取号:F542.6-65/M728] | 在馆 |